Britannica book of the year 1971

সংরক্ষণ করুন:
গ্রন্থ-পঞ্জীর বিবরন
বিন্যাস: গ্রন্থ
ভাষা:Undetermined
প্রকাশিত: Chicago William Benton 1971
বিষয়গুলি:
ট্যাগগুলো: ট্যাগ যুক্ত করুন
কোনো ট্যাগ নেই, প্রথমজন হিসাবে ট্যাগ করুন!
Thư viện lưu trữ: Trung tâm Học liệu Trường Đại học Cần Thơ
LEADER 00509nam a2200169Ia 4500
001 CTU_104656
008 210402s9999 xx 000 0 und d
020 |c 9 
082 |a 032 
082 |b B862/1971 
245 0 |a Britannica book of the year 1971 
260 |a Chicago 
260 |b William Benton 
260 |c 1971 
650 |a Dictionaries,Encyclopedias,Yearbooks,Từ điển,Bách khoa toàn thư,Niên giám 
910 |a Vương 
980 |a Trung tâm Học liệu Trường Đại học Cần Thơ